| 000 | 00802nam a22001817a 4500 | ||
|---|---|---|---|
| 003 | NUST | ||
| 005 | 20260121155630.0 | ||
| 082 | _a621.382,BIL | ||
| 100 |
_aBilal, Muhammad _918167 |
||
| 245 |
_aDesign of multi-band frequency reconfigurable micro-strip patch antenna / _cMuhammad Bilal, syed Aqeel Hussain Shah, Muhammad Tahir Khan and Mumtaz Ahmed (TCC-27/ TE52) |
||
| 260 |
_aRawalpindi _bMCS (NUST) _cMay, 2019 |
||
| 300 | _axi, 52 p.; | ||
| 505 | _aIntroduction (Page-1), Literature Review (Page-12), Antenna Design and Development (Page-23), Antenna Measurements and Results (Page-33), Future Work and Conclusion (Page-50), References (Page-45). | ||
| 650 |
_aUG Project _9131132 |
||
| 651 |
_aTCC-27/ TE52 _9132868 |
||
| 700 |
_aSupervised by Lecturer Maryam Rasool _9132869 |
||
| 942 |
_2ddc _cPR |
||
| 999 |
_c615887 _d615887 |
||